| 000 | 004440000a22001570004500 | ||
|---|---|---|---|
| 090 |
_aAR _b00621 |
||
| 245 | 1 | 0 | _aManatees and power plants |
| 650 | 1 | 4 |
_aMamíferos acuáticos _993274 |
| 650 | 1 | 4 |
_aUso del habitat _93825 |
| 651 | 4 |
_dFlorida _pEstados Unidos _992749 |
|
| 653 |
_gTrichechus _eTrichechus manatus _vmanatí |
||
| 041 | 0 | _aInglés | |
| 100 | 1 |
_aShane, Susan H. _993642 |
|
| 942 | _cARTICULO | ||
| 773 | 1 |
_tSea Frontiers _3242 _q40-44 _d1983? |
|
| 999 |
_c9713 _d9713 |
||